| 000 | 00443nam a22001337a 4500 | ||
|---|---|---|---|
| 008 | 131213b xxu||||| |||| 00| 0 eng d | ||
| 050 | _aBV40.P988 2006 | ||
| 100 |
_aPuthiadam, Ignatius Fr. _95709 |
||
| 245 |
_aAdvent and Christmas _bReadings, Psalms and Reflections _c Ignatius Puthiadam Fr. |
||
| 260 |
_aIndia _bAsian Trading Corporation _c2006 |
||
| 300 |
_a162p. ; _c22cm. |
||
| 650 |
_aAdvent _xChristmas _95710 |
||
| 942 |
_2lcc _cMONOGRAPH _02 |
||
| 999 |
_c119264 _d119264 |
||